Normal view
MARC view
- Dove, Michael R.
Entry Personal Name
001 - CONTROL NUMBER
- control field: 1267
003 - CONTROL NUMBER IDENTIFIER
- control field: CBULib
005 - DATE AND TIME OF LATEST TRANSACTION
- control field: 20231206080207.0
008 - FIXED-LENGTH DATA ELEMENTS
- fixed length control field: 231206|| aca||aabn | a|a d
040 ## - CATALOGING SOURCE
- Original cataloging agency: CBULib
100 ## - HEADING--PERSONAL NAME
- Personal name: Dove, Michael R.